|
|
|
|
| LEADER |
00000nab a2200000 a 4500 |
| 001 |
vtls001507877 |
| 003 |
SK-MaSNL |
| 005 |
20260303210732.0 |
| 008 |
050227s2000 xo 000 0 slo |
| 035 |
|
|
|a SPKCL10204
|
| 040 |
|
|
|a SPKCL
|b slo
|c SNKBUCL
|d ÚIP-SPK(DP)
|e AACR2
|
| 041 |
|
|
|a slo
|
| 044 |
|
|
|a xo
|c SK
|
| 080 |
|
|
|a 374
|2 1981
|
| 100 |
1 |
|
|a Lomnická, Amália,
|d 1950-
|4 aut
|9 12120
|
| 245 |
1 |
0 |
|a V čom spočíva opodstatnenosť regionálnych osvetových stredísk?
|b Materiál, ktorý odznel na pracovnej porade riaditeľov regionálnych osvetových stredísk
|c Amália Lomnická
|
| 520 |
|
|
|a Príspevok pomenúva poslanie regionálnych osvetových stredísk v čase ich transformácie; ich kompetencie, náplň činnosti a aktivity.
|
| 773 |
1 |
|
|t Národná osveta
|g Roč. 10, č. 2 (2000) s. 15-16
|
| 850 |
|
|
|a Slovenská pedagogická knižnica Bratislava
|
| 852 |
|
|
|a SPKCL
|b KIS3GCP
|b 000710000
|n SK
|
| 999 |
|
|
|c 2201445
|d 2203375
|